书目信息 |
| 题名: |
动物的营养需要及疾病防治研究
|
|
| 作者: | 孔庆娟 , 郭丹丹 著 | |
| 分册: | ||
| 出版信息: | 青岛 中国海洋大学出版社 2019 |
|
| 页数: | 182页 | |
| 开本: | 24cm | |
| 丛书名: | ||
| 单 册: | ||
| 中图分类: | S816 , S858 | |
| 科图分类: | ||
| 主题词: | 动物营养--dong wu ying yang--营养学--研究 , 动物疾病--dong wu ji bing--防治--研究 | |
| 电子资源: | ||
| ISBN: | 978-7-5670-2176-1 | |
| 000 | 01040nam0 2200289 450 | |
| 001 | 012001003500 | |
| 005 | 20140102093524.0 | |
| 010 | @a978-7-5670-2176-1@dCNY58.00 | |
| 099 | @aCAL 012019141026 | |
| 100 | @a20190903d2019 em y0chiy50 ea | |
| 101 | 0 | @achi |
| 102 | @aCN@b370000 | |
| 105 | @aak a 000yy | |
| 106 | @ar | |
| 200 | 1 | @a动物的营养需要及疾病防治研究@Adong wu de ying yang xu yao ji ji bing fang zhi yan jiu@f孔庆娟, 郭丹丹著 |
| 210 | @a青岛@c中国海洋大学出版社@d2019 | |
| 215 | @a182页@c图@d24cm | |
| 320 | @a有书目 (第180-182页) | |
| 330 | @a本书主要对动物的营养需要及疾病防治进行了研究, 依据动物的营养需要和饲养标准, 主要论述了动物对各类营养素和能量的需要, 重点对各种家畜家禽的疾病防治技术进行了阐述。 | |
| 606 | 0 | @a动物营养@Adong wu ying yang@x营养学@x研究 |
| 606 | 0 | @a动物疾病@Adong wu ji bing@x防治@x研究 |
| 690 | @aS816@v5 | |
| 690 | @aS858@v5 | |
| 701 | 0 | @a孔庆娟@Akong qing juan@4著 |
| 701 | 0 | @a郭丹丹@Aguo dan dan@4著 |
| 801 | 0 | @aCN@b北京卓展@c20191020 |
| 905 | @b1211881-4@dS816@e204@f4 | |
| 动物的营养需要及疾病防治研究/孔庆娟, 郭丹丹著.-青岛:中国海洋大学出版社,2019 |
| 182页:图;24cm |
| ISBN 978-7-5670-2176-1:CNY58.00 |
| 本书主要对动物的营养需要及疾病防治进行了研究, 依据动物的营养需要和饲养标准, 主要论述了动物对各类营养素和能量的需要, 重点对各种家畜家禽的疾病防治技术进行了阐述。 |
| ● |
| 相关链接 |
|
|
|
|
正题名:动物的营养需要及疾病防治研究
索取号:S816/204
 
预约/预借
| 序号 | 登录号 | 条形码 | 馆藏地/架位号 | 状态 | 备注 |
| 1 | 1211881 | 212118812 | 第二样本阅览室/ [索取号:S816/204] | 在馆 | |
| 2 | 1211882 | 212118821 | 第三借阅区/ [索取号:S816/204] | 在馆 | |
| 3 | 1211883 | 212118830 | 第三借阅区/ [索取号:S816/204] | 在馆 | |
| 4 | 1211884 | 212118849 | 第三借阅区/ [索取号:S816/204] | 在馆 |